00366 2200157 4500245003900000020002200039250001100061100001700072650001600089005001900105260003000124041001400154084000800168300002300176336000900199 aSummer in LovecNita MirantihText a978-602-7933-88-0 aCet. 1 aNita Miranti aNovel Fiksi a20230109144233 aYogyakartabPing!!!c2013 aIndonesia a813 a196 hlm. :cillus. atext